000 00295nam a22001337a 4500
008 210521b ||||| |||| 00| 0 eng d
041 _aeng
080 _24th
_a616.31
082 _a616.31
100 _a5
101 _aSTO
245 _aAn Atlas of Tooth Form
_cWheeler,R.C
942 _2udc
_cBK
999 _c57588
_d57588